<?xml version="1.0" encoding="UTF-8"?>
<record
    xmlns:xsi="http://www.w3.org/2001/XMLSchema-instance"
    xsi:schemaLocation="http://www.loc.gov/MARC21/slim http://www.loc.gov/standards/marcxml/schema/MARC21slim.xsd"
    xmlns="http://www.loc.gov/MARC21/slim">

  <leader>01963cab a2200325Ia 45 0</leader>
  <controlfield tag="001">u205524</controlfield>
  <controlfield tag="003">SIRSI</controlfield>
  <controlfield tag="008">131110s2012    ua     ss b         eng d</controlfield>
  <datafield tag="040" ind1=" " ind2=" ">
    <subfield code="a">EAL</subfield>
  </datafield>
  <datafield tag="041" ind1=" " ind2=" ">
    <subfield code="a">eng</subfield>
    <subfield code="b">ara</subfield>
  </datafield>
  <datafield tag="090" ind1=" " ind2=" ">
    <subfield code="a">ART MJAE V29 NO3 5</subfield>
  </datafield>
  <datafield tag="100" ind1="1" ind2=" ">
    <subfield code="a">EI-Shazly, M.A.</subfield>
  </datafield>
  <datafield tag="240" ind1="1" ind2="0">
    <subfield code="a">Misr Journal of Agricultural Engineering, 2012 v.29 (3)</subfield>
    <subfield code="h">[electronic resource].</subfield>
  </datafield>
  <datafield tag="245" ind1="1" ind2="0">
    <subfield code="a">Development of a multi-purposes macidne for secondary tillage, fertilizing and planting some medicinal and aromatic plants</subfield>
    <subfield code="h">[electronic resource].</subfield>
  </datafield>
  <datafield tag="246" ind1="1" ind2="5">
    <subfield code="a">&#x62A;&#x637;&#x648;&#x64A;&#x631; &#x622;&#x644;&#x629; &#x645;&#x62A;&#x639;&#x62F;&#x62F;&#x629; &#x627;&#x644;&#x623;&#x63A;&#x631;&#x627;&#x636; &#x644;&#x62A;&#x62A;&#x645;&#x64A;&#x645; &#x645;&#x631;&#x642;&#x62F; &#x627;&#x644;&#x628;&#x630;&#x631;&#x629; &#x648;&#x62A;&#x633;&#x645;&#x64A;&#x62F; &#x648;&#x632;&#x631;&#x627;&#x639;&#x629; &#x628;&#x639;&#x636; &#x627;&#x644;&#x646;&#x628;&#x627;&#x62A;&#x627;&#x62A; &#x627;&#x644;&#x637;&#x628;&#x64A;&#x629; &#x648;&#x627;&#x644;&#x639;&#x637;&#x631;&#x64A;&#x629;.</subfield>
  </datafield>
  <datafield tag="300" ind1=" " ind2=" ">
    <subfield code="a">p.951-972</subfield>
  </datafield>
  <datafield tag="504" ind1=" " ind2=" ">
    <subfield code="a">Includes references.</subfield>
  </datafield>
  <datafield tag="520" ind1=" " ind2=" ">
    <subfield code="a">Field experiments were carried out to develop a multi-purposes machine for secondary tillage, fertilizing and planting some medicinal and aromatic plants; fennel (Foeniculum vulgare Mill.) and caraway (Carum carvi L.). The combination machine peiformance was evaluated comparing with the traditional method as a function of change in forward speed (2.1, 3.6, 4.5 and 6.3 kmlh), in terms of soil physical properties, seed scattering, emergence ratio, yield, power, energy and cost requirements. The experimental results revealed that soil physical properties, seed scattering, emergence, energy requirements and operational cost were in the optimum region under the following recommended conditions:</subfield>
  </datafield>
  <datafield tag="546" ind1=" " ind2=" ">
    <subfield code="a">Summary in Arabic.</subfield>
  </datafield>
  <datafield tag="650" ind1=" " ind2="0">
    <subfield code="a">Medicinal plants</subfield>
    <subfield code="x">Machinery.</subfield>
  </datafield>
  <datafield tag="650" ind1=" " ind2="0">
    <subfield code="a">Aromatic plants</subfield>
    <subfield code="x">Machinery.</subfield>
  </datafield>
  <datafield tag="650" ind1=" " ind2="0">
    <subfield code="a">Seeds</subfield>
    <subfield code="x">Postharvest technology.</subfield>
  </datafield>
  <datafield tag="650" ind1=" " ind2="0">
    <subfield code="a">Field crops</subfield>
    <subfield code="x">Seeds.</subfield>
  </datafield>
  <datafield tag="700" ind1="1" ind2=" ">
    <subfield code="a">Morad, M.M.</subfield>
  </datafield>
  <datafield tag="700" ind1="1" ind2=" ">
    <subfield code="a">Ali, M.M.</subfield>
  </datafield>
  <datafield tag="700" ind1="1" ind2=" ">
    <subfield code="a">Wasfy, K.I.</subfield>
  </datafield>
  <datafield tag="773" ind1="0" ind2=" ">
    <subfield code="t">Misr Journal of Agricultural Engineering. </subfield>
    <subfield code="g">2012.v.29(3)</subfield>
    <subfield code="x">1687-384X</subfield>
    <subfield code="7">nnas</subfield>
    <subfield code="w">u192786</subfield>
  </datafield>
  <datafield tag="856" ind1="4" ind2="0">
    <subfield code="u">http://nile.enal.sci.eg/EALE/2012/MJAE/2912/3/951.pdf</subfield>
    <subfield code="z">Full Text Article</subfield>
  </datafield>
  <datafield tag="596" ind1=" " ind2=" ">
    <subfield code="a">1</subfield>
  </datafield>
  <datafield tag="942" ind1=" " ind2=" ">
    <subfield code="c">AR</subfield>
    <subfield code="2">lcc</subfield>
  </datafield>
  <datafield tag="999" ind1=" " ind2=" ">
    <subfield code="c">56275</subfield>
    <subfield code="d">56275</subfield>
  </datafield>
</record>
